M.S. Golwalkar (Record no. 183593)

MARC details
000 -LEADER
fixed length control field 00595nam a22001817a 4500
005 - DATE AND TIME OF LATEST TRANSACTION
control field 20211229122701.0
010 ## - LCCN (DPL NO)
LC control number ENG-130744
020 ## - INTERNATIONAL STANDARD BOOK NUMBER
International Standard Book Number 978-93-886-894-89
Terms of availability 299.00
035 ## - SYSTEM CONTROL NUMBER
System control number EN-114276
037 ## - SOURCE OF ACQUISITION
Source of stock number/acquisition DBAD
082 ## - DEWEY DECIMAL CLASSIFICATION NUMBER
Classification number 320.55
100 ## - MAIN ENTRY--PERSONAL NAME
Personal name Sharma, Jyotirmaya
245 ## - TITLE STATEMENT
Title M.S. Golwalkar
Statement of responsibility, etc The RSS and India/
Remainder of title Jyotirmaya Sharma
260 ## - PUBLICATION, DISTRIBUTION, ETC. (IMPRINT)
Place of publication, distribution, etc Chennai
Name of publisher, distributor, etc Penguin Books
Date of publication, distribution, etc 2003
270 ## - ADDRESS
Address 1st Floor, A Block, East Wing, Plot No. 40, SP Info City, Dr. MGR Salai, Perungudi, Kandanchavadi
City Chennai
Postal code 600096
300 ## - PHYSICAL DESCRIPTION
Extent 94p
Dimensions 22cm(pbk)
942 ## - ADDED ENTRY ELEMENTS (KOHA)
Source of classification or shelving scheme Dewey Decimal Classification
Item type English Books
Classification part 320.55
Call number suffix SHA
Holdings
Withdrawn status Lost status Not for loan Collection code Home library Current library Date acquired Source of acquisition Cost, normal purchase price Full call number Barcode Copy number Cost, replacement price Koha item type
      Non-fiction Patel Nagar Patel Nagar 29/12/2021 DBAD/PUB 299.00 320.55 SHA EN-114276 1 299.00 English Books

© Delhi Public Library
Hit Counter
free hit counter